tripleS all songs(April 2026 update) - Statistics

General Stats
  • This quiz has been taken 467 times
    27 since last reset
  • The average score is 50 of 72
Answer Stats
Hint Answer % Correct
ASSEMBLE25 Are You Alive
100%
Beyond Beauty(msnz) Christmas Alone
94%
ↀ(LOVElution) Girls' Capitalism
94%
ASSEMBLE24 Girls Never Die
94%
Performante (Visionary Vision) Hit the Floor
94%
Structure of Sadness(Aria) Door
89%
ACCESS(Acid Angel from Asia) Generation
89%
ASSEMBLE Rising
89%
Beyond Beauty(msnz) Cameo Love(moon)
83%
ASSEMBLE Colorful
83%
ACCESS(Acid Angel from Asia) Dimension
83%
Pre-release(SecretHimitsu Bimil)(∞!) Password
83%
Beyond Beauty(msnz) Q&A(zenith)
83%
ACCESS(Acid Angel from Asia) Rolex
83%
Performante (Visionary Vision) Bionic Power
78%
Beyond Beauty(msnz) Bubble Gum Girl(sun)
78%
ACCESS(Acid Angel from Asia) Charla
78%
AESTHETIC(+(KR)ystal Eyes) Cherry Talk
78%
AESTHETIC(+(KR)ystal Eyes) Deja-Vu
78%
Beyond Beauty(msnz) Fly Up(neptune)
78%
AESTHETIC(+(KR)ystal Eyes) Hide & Seek
78%
Digital single(Glow) Inner Dance
78%
Digital SIngle(NXT) Just Do It
78%
ASSEMBLE25 Love Child
78%
⟡(EVOLution) Moto Princess
78%
ASSEMBLE24 Non Scale
78%
⟡(EVOLution) Rhodanthe
78%
AESTHETIC(+(KR)ystal Eyes) Touch
78%
Touch+(+(KR)ystal Eyes) Touch+
78%
ASSEMBLE24 24
72%
ASSEMBLE Beam
72%
ↀ(LOVElution) Black Soul Dress
72%
ASSEMBLE24 Chiyu
72%
ASSEMBLE25 Detective Soseol
72%
Performante (Visionary Vision) Éclair
72%
⟡(EVOLution) Heavy Metal Wings
72%
ASSEMBLE25 Love2Love
72%
ↀ(LOVElution) Speed Love
72%
ASSEMBLE24 Beyond the Beyond
67%
Performante (Visionary Vision) CHOOM
67%
ↀ(LOVElution) Complexity
67%
ↀ(LOVElution) Cry Baby
67%
ASSEMBLE25 Diablo
67%
⟡(EVOLution) Invincible
67%
ASSEMBLE New Look
67%
Performante (Visionary Vision) Vision
67%
ASSEMBLE24 White Soul Sneakers
67%
Performante (Visionary Vision) 12 Rings
61%
ASSEMBLE25 Firework Diary
61%
ASSEMBLE25 Friend Zone
61%
Japanese Pre-Debut ###(Hash)
61%
ASSEMBLE24 Heart Raider
61%
Performante (Visionary Vision) Love Soseol
61%
ASSEMBLE24 Midnight Flower
61%
SecretHimitsuBimil Oshare
61%
⟡(EVOLution) Oui
61%
ASSEMBLE25 Persona
61%
ↀ(LOVElution) Seoul Sonyo Sound
61%
ASSEMBLE The Baddest
61%
SecretHimitsuBimil TOKYO
61%
Japanese Debut Single (∞!) Untitled
61%
⟡(EVOLution) 37.5 Celsius
56%
Performante (Visionary Vision) Atmosphere
56%
Cherry Gene (ACID EYES) Cherry Gene 'Baddest Mix'
56%
Structure of Sadness(Aria) Farewell My First
56%
ASSEMBLE25 Too Hot
56%
SecretHimitsuBimil Headphone
50%
Other releases Polaroid
50%
SecretHimitsuBimil Tokimetique
50%
Other releases Dreaming
33%
Other releases Pink Power
33%
Other releases PainDrop
28%
No matching quizzes found
Score Distribution
Percent of People with Each Score
Percentile by Number Answered
Your Score History
You have not taken this quiz since the last reset